Dejiny dialektiky : nemecká klasická filozofia /

Saved in:
Bibliographic Details
Main Author: Gallo, Ján, 1922- (Author)
Format: Book
Language:Slovak
Russian
Published: Bratislava : Pravda, 1980
Edition:1. vyd.
ISBN: (viaz.)
Physical Description: 337 s.
Tags: Add Tag
No Tags, Be the first to tag this record!

MARC

LEADER 00000nam a2200000 a 4500
001 000296830
005 20070607142215.0
008 070607s1980 xo e 000 0 sloo
020 |a (viaz.) 
040 |a SVKKK  |b slo  |c SVKKK  |e AACR2 
041 1 |a slo  |h rus 
044 |a xo  |c SK 
100 1 |a Gallo, Ján,  |d 1922-  |4 aut 
245 1 0 |a Dejiny dialektiky :  |b nemecká klasická filozofia /  |c Ján Gallo 
250 |a 1. vyd. 
260 |a Bratislava :  |b Pravda,  |c 1980 
300 |a 337 s. 
998 |a BK 
090 |g SCKHL  |k Sklad Pribinova 2. posch.  |a II.324683  |j 768728  |i 2720138930  |s Absenčne